El comportamiento administrativo: estudio de los procesos de adopción de decisiones en la organización administrativa

Saved in:
Bibliografiske detaljer
Hovedforfatter: Simon, Herbert Alexander (Author)
Format: Bog
Sprog:spansk
Udgivet: Buenos Aires Aguilar 1982
Udgivelse:4a. ed
Serier:Economía de la Empresa
Fag:
Tags: Tilføj Tag
Ingen Tags, Vær først til at tagge denne postø!

MARC

LEADER 00000nam a2200000 a 4500
001 UCR9215
003 CL-VaPUC
008 980613e19820000AG |||||||||||||||||spa|d
082 0 4 |a 658.403  |b SIM  |2 21 
100 0 |a Simon, Herbert Alexander  |e author  |9 411495 
245 1 3 |a El comportamiento administrativo: estudio de los procesos de adopción de decisiones en la organización administrativa 
250 |a 4a. ed 
300 |a 240 p 
942 |c BK 
945 |d 19980613 00:00:00  |a cmena 
260 |a Buenos Aires  |b Aguilar  |c 1982 
650 0 |a Toma de decisiones   |9 257530 
650 0 |a Comunicación   |9 257251 
650 7 |a IDNTIFCACION  |2 CL-VaPUC  |9 411496 
650 0 |a Psicología aplicada   |9 270762 
650 0 |a Administración de empresas   |9 260833 
650 0 |a Administración del personal  |9 260442 
650 0 |a Comportamiento   |9 308406 
650 0 |a Estructura organizacional   |9 390800 
650 7 |a CONDUCTA ORGANIZACIONAL  |2 CL-VaPUC  |9 263671 
650 0 |a Recursos humanos   |9 228420 
650 7 |a MEDIO AMBIENTE LABORAL  |2 CL-VaPUC  |9 380233 
650 7 |a EQUIPOS DE TRABAJO  |2 CL-VaPUC  |9 384715 
650 0 |a Liderazgo  |9 271835 
583 |a last modification  |c 19980613 00:00:00  |k Rodrigo Vera 
490 0 |a Economía de la Empresa 
999 |c 270417  |d 270415 
952 |0 0  |1 0  |4 0  |6 658_403000000000000_SIM_1982  |7 0  |8 A  |9 304702  |a BIBGIM  |b BIBGIM  |d 2019-11-20  |i 1410814  |o 658.403 SIM 1982  |p 1410814  |r 2025-01-15  |w 2019-11-20  |y BK  |k COM 
952 |0 0  |1 0  |4 0  |6 658_403000000000000_SIM_1982  |7 0  |8 A  |9 304703  |a BIBGIM  |b BIBGIM  |d 2019-11-20  |i 1410822  |o 658.403 SIM 1982  |p 1410822  |r 2025-01-15  |w 2019-11-20  |y BK  |k COM